[Event "Wch U20"]
[Site "Medellin"]
[Date "1996.??.??"]
[Round "3"]
[White "Shariyazdanov, Andrey"]
[Black "Sutovskij, Emil"]
[Result "1-0"]
[WhiteElo "2470"]
[BlackElo "2565"]

1.d4 Nf6 2.c4 g6 3.Nc3 Bg7 4.e4 d6 5.Be2 O-O 6.Nf3 Na6 7.O-O e5 8.Re1 c6
9.Bf1 Bg4 10.d5 c5 11.h3 Bd7 12.a3 Ne8 13.g3 f5 14.Bg2 f4 15.Bd2 h5 16.gxf4 exf4
17.e5 dxe5 18.Nxe5 Bxe5 19.Rxe5 Nd6 20.Ne4 Nxc4 21.Rg5 Bf5 22.Bc3 Qd7 23.Qxh5 Qh7
24.Qe2 Nb6 25.Nf6+ Rxf6 26.Bxf6 Qf7 27.Bc3 Na4 28.Qf3 Nxc3 29.bxc3 Qc7 30.d6 Qxd6
31.Qd5+ Qxd5 32.Bxd5+ Kg7 33.Bxb7 Rh8 34.Bxa6 Rxh3 35.Rxf5 gxf5 36.Rc1 f3
37.Bb7 Kf6 38.Re1 Rh4 39.Bxf3 Ra4 40.Bd5 Rxa3 41.c4 f4 42.Kg2 a5 43.f3 a4
44.Re6+ Kg5 45.Rc6 Kh4 46.Rh6+ Kg5 47.Rc6 Kh4 48.Rxc5 Rc3 49.Ra5 a3 50.Kf1 Kg3
51.Ke2 Re3+ 52.Kd2 Kf2 53.Kc2 Ke1 54.Kb1 Kd2 55.Ka2 Kc3 56.Kxa3 Re1 57.Ka4  1-0

[Event "Wch U20"]
[Site "Medellin"]
[Date "1996.??.??"]
[Round "7"]
[White "Kempinski, Robert"]
[Black "Irzhanov, Ruslan"]
[Result "1-0"]
[WhiteElo "2510"]
[BlackElo "2535"]

1.d4 Nf6 2.c4 g6 3.Nc3 Bg7 4.e4 d6 5.Nf3 O-O 6.Be2 e5 7.d5 a5 8.h3 Na6 9.Bg5 h6
10.Be3 Nc5 11.Nd2 Nh7 12.g4 f5 13.gxf5 gxf5 14.Rg1 Kh8 15.Qc2 Na6 16.Nb3 a4
17.Nc1 fxe4 18.Nxa4 Qh4 19.Nc3 Nf6 20.Nb3 c6 21.a3 cxd5 22.cxd5 Bf5 23.O-O-O Bh7
24.Bg4 Nc7 25.Rg3 Rf7 26.Qe2 Re7 27.Qc4 Rf8 28.Qb4 Nce8 29.Nd2 Rc7 30.Nc4 Nxg4
31.hxg4 Rf3 32.Rgg1 Rxf2 33.Bxf2 Qxf2 34.Rgf1 Qg2 35.Ne3 Qh3 36.Rde1 Qh4
37.Kb1 Qg5 38.Ka1 h5 39.gxh5 Qxh5 40.Rh1 Qg6 41.Reg1 Qf7 42.Nxe4 Qf8 43.Ng4  1-0

[Event "Wch U20"]
[Site "Medellin"]
[Date "1996.??.??"]
[Round "8"]
[White "Shariyazdanov, Andrey"]
[Black "Kempinski, Robert"]
[Result "1/2-1/2"]
[WhiteElo "2470"]
[BlackElo "2510"]

1.d4 Nf6 2.c4 g6 3.Nc3 Bg7 4.e4 d6 5.Be2 O-O 6.Nf3 Na6 7.O-O e5 8.Re1 c6
9.Bf1 Bg4 10.d5 Nb4 11.Be2 a5 12.Bg5 Bd7 13.dxc6 Bxc6 14.Nd2 Na6 15.Nd5 Nc5
16.f3 Ne6 17.Be3 Nd7 18.Nb1 Ndc5 19.Nbc3 f5 20.exf5 gxf5 21.Qd2 Kh8 22.Rad1 Qh4
23.Nb5 Bxb5  1/2-1/2

[Event "Wch U20"]
[Site "Medellin"]
[Date "1996.??.??"]
[Round "10"]
[White "Kacheishvili, Giorgi"]
[Black "Iordachescu, Viorel"]
[Result "1-0"]
[WhiteElo "2515"]
[BlackElo "2460"]

1.d4 g6 2.c4 Bg7 3.e4 d6 4.Nc3 Nf6 5.Be2 O-O 6.Nf3 Nbd7 7.O-O e5 8.Be3 Re8
9.d5 Nh5 10.g3 Bf8 11.Ne1 Ng7 12.Nd3 f5 13.f3 Be7 14.Qd2 Rf8 15.Rac1 Nf6
16.c5 h5 17.cxd6 cxd6 18.exf5 Nxf5 19.Bf2 Kg7 20.f4 e4 21.Ne1 h4 22.Ng2 hxg3
23.hxg3 Rh8 24.g4 e3 25.Nxe3 Nxe3 26.Bxe3 Bxg4 27.Bxg4 Nxg4 28.Bd4+ Bf6 29.Ne4 Rh3
30.Bxf6+ Nxf6 31.Qd4  1-0

[Event "Meisdorf op"]
[Site "Meisdorf"]
[Date "1996.??.??"]
[Round "?"]
[White "Korsunsky, Yuri"]
[Black "Seidel, Michael"]
[Result "1-0"]
[WhiteElo "2415"]
[BlackElo "2030"]

1.d4 Nf6 2.c4 g6 3.Nc3 Bg7 4.e4 d6 5.Nf3 O-O 6.Be2 e5 7.dxe5 dxe5 8.Qxd8 Rxd8
9.Bg5 Re8 10.O-O-O c6 11.Nxe5 Nxe4 12.Nxe4 Bxe5 13.Rhe1 Nd7 14.Bf1 Bg7 15.Nd6 Rxe1
16.Rxe1 Be5 17.c5 Kg7 18.Bc4 f6 19.Be3 Bxd6 20.cxd6 Ne5 21.Bf1 Bf5 22.Bd4 Re8
23.Re3 Bd7 24.Bxa7 Ra8 25.f4 Rxa7 26.fxe5 fxe5 27.Rxe5 b5 28.Re7+ Kf6 29.g3 Rxa2
30.Kb1 Ra7 31.Bh3  1-0

[Event "Melbourne Masters"]
[Site "Melbourne"]
[Date "1996.??.??"]
[Round "3"]
[White "Khoze, Eduard"]
[Black "Rutherford, Simon"]
[Result "1/2-1/2"]
[WhiteElo "2160"]
[BlackElo "2300"]

1.d4 Nf6 2.Nf3 g6 3.c4 Bg7 4.Nc3 d6 5.e4 O-O 6.Be2 e5 7.Bg5 Nbd7 8.d5 a5
9.Nd2 Nc5 10.O-O Bd7 11.b3 c6 12.a3 cxd5 13.cxd5 b5 14.Bxf6 Bxf6 15.Nxb5 Qb8
16.a4 Bg5 17.Nf3 Bh6 18.Qc2 f5 19.Nxe5 Bxb5 20.Bxb5 fxe4 21.Nd7 Nxd7 22.Bxd7 Qb4
23.Be6+ Kh8 24.Rae1 Rab8 25.Rxe4 Qxb3 26.Qc7 Qd3 27.Ree1 Bg7 28.Qxd6 Rb2
29.f3 Qd2 30.Bh3 Qd4+ 31.Kh1 Qxa4 32.Qc7 Rc2 33.Qa7 Rd2 34.Re7 Qd4 35.Qxa5 Qxd5
36.Qxd5 Rxd5  1/2-1/2

[Event "Wch U18"]
[Site "Menorca"]
[Date "1996.??.??"]
[Round "1"]
[White "Janssen, Ruud"]
[Black "Tihonov, Jurij"]
[Result "0-1"]
[WhiteElo "2270"]
[BlackElo "2460"]

1.c4 g6 2.Nc3 Bg7 3.d4 Nf6 4.e4 d6 5.Nf3 O-O 6.Be2 e5 7.d5 a5 8.Bg5 h6 9.Bh4 Na6
10.Nd2 Qe8 11.O-O h5 12.f3 Nh7 13.a3 Bd7 14.Bf2 Bh6 15.b3 Qe7 16.Re1 h4 17.Bf1 Bg5
18.Rb1 Nc5 19.Qc2 Nf6 20.b4 axb4 21.axb4 Na4 22.Ra1 Nxc3 23.Qxc3 Nh5 24.c5 Bf4
25.Nc4 Qg5 26.Kh1 Ng3+ 27.Bxg3 hxg3 28.Rxa8 Rxa8 29.Ra1 Rxa1 30.Qxa1 dxc5
31.bxc5 gxh2 32.d6 cxd6 33.Nxd6 Kg7 34.Bc4 Qg3 35.Nxf7 Qf2 36.Bd5 Bh3  0-1

[Event "Wch U16"]
[Site "Menorca"]
[Date "1996.??.??"]
[Round "3"]
[White "Batzorig, Tuvshintogs"]
[Black "Antoniewski, Rafal"]
[Result "1/2-1/2"]
[WhiteElo "2185"]
[BlackElo "2350"]

1.Nf3 Nf6 2.c4 g6 3.Nc3 Bg7 4.e4 d6 5.d4 O-O 6.Be2 e5 7.Be3 c6 8.Nd2 Ng4
9.Bxg4 exd4 10.Bxd4 Bxd4 11.Bxc8 Qxc8 12.Nf3 Bxc3+ 13.bxc3 Qg4 14.O-O Qxe4
15.Qxd6 Qxc4 16.Qe7 b6 17.Ne5 Qxc3 18.Rac1 Qb2 19.Rce1 Na6 20.Nd7 Rfc8 21.Re5 Rc7
22.Nf6+ Kh8 23.Qd6 Qb4 24.Qd3 Qf4 25.Qd6 Qb4 26.Qd3 Qf4  1/2-1/2

[Event "Wch U18"]
[Site "Menorca"]
[Date "1996.??.??"]
[Round "4"]
[White "Chibukhchian, Artur"]
[Black "Avrukh, Boris"]
[Result "1/2-1/2"]
[WhiteElo "2310"]
[BlackElo "2500"]

1.d4 Nf6 2.c4 g6 3.Nc3 Bg7 4.Nf3 d6 5.e4 O-O 6.Be2 e5 7.dxe5 dxe5 8.Qxd8 Rxd8
9.Bg5 c6 10.Nxe5 Re8 11.O-O-O Na6 12.Rd6 Be6 13.f4 Nc5 14.Bxf6 Bxf6 15.Nd3 Nxd3+
16.Rxd3 Bxc4 17.Rd6 Be6 18.e5 Be7 19.Rdd1 Bc5 20.Rhf1 Rad8 21.Kc2 Bf5+ 22.Bd3 Rxd3
23.Rxd3 Rd8 24.Rf3 Bg1 25.h3 g5 26.fxg5 Rxd3 27.Rxd3  1/2-1/2

[Event "Wch U18"]
[Site "Menorca"]
[Date "1996.??.??"]
[Round "5"]
[White "Naumann, Alexander"]
[Black "Tihonov, Jurij"]
[Result "0-1"]
[WhiteElo "2365"]
[BlackElo "2460"]

1.d4 Nf6 2.c4 g6 3.Nc3 Bg7 4.e4 d6 5.Nf3 O-O 6.Be2 e5 7.d5 a5 8.h3 Na6 9.Bg5 c6
10.Nd2 Bd7 11.O-O h6 12.Be3 Nc5 13.Qc2 Qe7 14.a3 Rfc8 15.dxc6 bxc6 16.Bxc5 dxc5
17.Na4 Rab8 18.Bf3 Nh7 19.Qc3 Ng5 20.Qxa5 Ra8 21.Qxc5 Nxh3+ 22.gxh3 Qg5+
23.Kh2 Qxd2 24.Nb6 Qf4+ 25.Kg2 Bxh3+ 26.Kxh3 Qxf3+ 27.Kh2 Rab8 28.Nxc8 Rb3
29.Qe3 Rxe3 30.fxe3 Qh5+ 31.Kg3 Qg5+ 32.Kf3 Qd8 33.a4 Qxc8 34.b4 h5 35.a5 Qg4+
36.Kf2 Bf6 37.Ke1 Bg5 38.Kd2 Qxe4 39.Rfe1 Bxe3+ 40.Rxe3 Qd4+  0-1

[Event "Wch U16 Girls"]
[Site "Menorca"]
[Date "1996.??.??"]
[Round "7"]
[White "Sheldon, Ruth"]
[Black "Ionica, Iulia"]
[Result "1-0"]
[WhiteElo "2230"]
[BlackElo "2140"]

1.d4 Nf6 2.c4 g6 3.Nc3 Bg7 4.e4 d6 5.Be2 O-O 6.Nf3 e5 7.d5 a5 8.Bg5 Na6 9.Nd2 h6
10.Be3 Bd7 11.O-O Nc5 12.b3 c6 13.a3 cxd5 14.cxd5 Rc8 15.b4 Na6 16.Qb3 Ne8
17.Rac1 axb4 18.axb4 f5 19.f3 f4 20.Bf2 Bf6 21.Na4 Rxc1 22.Rxc1 Bh4 23.Bxh4 Qxh4
24.Nb6 Nb8 25.Nxd7 Nxd7 26.Qc4 Qd8 27.Qb5 Qb6+ 28.Qxb6 Nxb6 29.Nb3 Rf7 30.Kf2 g5
31.g3 fxg3+ 32.hxg3 Nf6 33.Ke3 Kg7 34.Nd2 Nh5 35.Nf1 Nf6 36.g4 Nfxd5+ 37.exd5 Nxd5+
38.Kd2 Nxb4 39.Ne3 h5 40.gxh5 Kh6 41.Rh1 Nc6 42.Ng4+ Kh7 43.Ra1 Rf8 44.Rb1 Rf7
45.Bd3+ Kh8 46.Nh6 Rc7 47.Rc1 d5 48.Bg6 Kg7 49.Ng4 Re7 50.Ke3 Rd7 51.Bf5 Rf7
52.h6+ Kh8 53.Bg6 Rf8 54.Rb1 Rb8 55.Rb5 Ne7 56.Bb1 b6 57.Nxe5 Re8 58.Kd4 Rb8
59.Nf7+ Kg8 60.Nxg5  1-0

[Event "Wch U18 Girls"]
[Site "Menorca"]
[Date "1996.??.??"]
[Round "7"]
[White "Volosjuk, Julia"]
[Black "Kiseleva, Natalia"]
[Result "0-1"]
[WhiteElo "2105"]
[BlackElo "2350"]

1.d4 Nf6 2.c4 g6 3.Nc3 Bg7 4.e4 d6 5.Nf3 O-O 6.Be2 e5 7.Be3 Ng4 8.Bg5 f6
9.Bh4 Nh6 10.dxe5 g5 11.exf6 Bxf6 12.Bg3 Nc6 13.O-O Nf7 14.Ne1 Be6 15.Nc2 Nce5
16.Ne3 c6 17.Qc2 Kh8 18.Rad1 Qc7 19.b3 Rg8 20.Bh5 Rad8 21.Ne2 g4 22.Nd4 Ng5
23.Nxe6 Nxe6 24.Bxe5 dxe5 25.Bxg4 Nd4 26.Qb2 Bg5 27.Nf5 c5 28.Nxd4 cxd4 29.Be6 Rg6
30.Bd5 h5 31.Kh1 Rd7 32.Qe2 Rh7 33.Rd3 h4 34.Rf3 Bf4 35.Rh3 Qd7 36.f3 Be3
37.Rb1 Rg3 38.Qf1 Rxh3 39.gxh3 Rg7  0-1

[Event "Wch U18 Girls"]
[Site "Menorca"]
[Date "1996.??.??"]
[Round "8"]
[White "Kiseleva, Natalia"]
[Black "Zielinska, Marta"]
[Result "0-1"]
[WhiteElo "2350"]
[BlackElo "2240"]

1.d4 Nf6 2.c4 g6 3.Nc3 Bg7 4.e4 d6 5.Nf3 O-O 6.Be2 e5 7.d5 a5 8.h3 Na6 9.Bg5 Qe8
10.g4 Bd7 11.Qd2 Nc5 12.Qe3 c6 13.O-O-O cxd5 14.Bxf6 Bxf6 15.Nxd5 Bd8 16.g5 b5
17.cxb5 Rc8 18.Kb1 Nxe4 19.h4 f5 20.gxf6 Nxf6 21.Nxf6+ Rxf6 22.h5 Bf5+ 23.Ka1 a4
24.Nh4 Bc2 25.Rdg1 a3 26.hxg6 axb2+ 27.Kxb2 Bxg6 28.Nxg6 Rxg6 29.Qb3+ Kg7
30.Qh3 Bg5 31.Qxh7+ Kf6 32.Qb7 e4 33.Qd5 Bf4 34.Rxg6+ Qxg6 35.Rd1 Rc5 36.Qb3 Be5+
37.Ka3 Qe8 38.Bc4 Qc8 39.Kb4 Rc7 40.a4 d5 41.Bxd5 Qf8+ 42.Ka5 Qc5  0-1

[Event "Wch U18"]
[Site "Menorca"]
[Date "1996.??.??"]
[Round "9"]
[White "Mirzoev, Azer"]
[Black "Chibukhchian, Artur"]
[Result "1/2-1/2"]
[WhiteElo "2375"]
[BlackElo "2310"]

1.d4 Nf6 2.Nf3 g6 3.c4 Bg7 4.Nc3 d6 5.e4 O-O 6.Be2 Nbd7 7.O-O e5 8.Be3 Ng4
9.Bg5 f6 10.Bh4 Nh6 11.dxe5 dxe5 12.b4 a5 13.a3 axb4 14.axb4 Rxa1 15.Qxa1 c6
16.c5 Nf7 17.Qa7 h5 18.Bg3 f5 19.exf5 gxf5 20.Bh4 Bf6 21.Bxf6 Qxf6 22.Qa1 e4
23.Nd2 h4 24.Na4 Nde5 25.f4 exf3 26.Nxf3 Nxf3+ 27.Bxf3 Ne5 28.Nb6 h3 29.Kh1 hxg2+
30.Bxg2 Be6 31.b5 f4 32.bxc6 bxc6 33.Re1 Nd3 34.Qxf6 Rxf6 35.Rf1 Bg4 36.Bf3 Bxf3+
37.Rxf3 Nxc5 38.Kg2 Ne4 39.Rd3 c5 40.Nd5 Rf7 41.Rf3 Rg7+ 42.Kh1 Ng5 43.Rxf4 Nh3
44.Rf1 c4 45.Nf6+ Kf8 46.Nh5+ Rf7 47.Rxf7+ Kxf7 48.Ng3 Nf4 49.Ne4  1/2-1/2

[Event "Wch U18"]
[Site "Menorca"]
[Date "1996.??.??"]
[Round "9"]
[White "Vescovi, Giovanni"]
[Black "Leitao, Rafael"]
[Result "1/2-1/2"]
[WhiteElo "2490"]
[BlackElo "2475"]

1.Nf3 Nf6 2.c4 g6 3.Nc3 Bg7 4.d4 O-O 5.e4 d6 6.Be2 e5 7.d5 a5 8.h3 Na6 9.Be3 Nc5
10.Nd2 Ne8 11.O-O b6 12.Qc2 f5 13.exf5 Bxf5 14.Nde4 Nxe4 15.Nxe4 Nf6 16.Bd3 Nxe4
17.Bxe4 Qh4 18.f3 Bh6  1/2-1/2

[Event "Wch U16 Girls"]
[Site "Menorca"]
[Date "1996.??.??"]
[Round "10"]
[White "Sheldon, Ruth"]
[Black "Calota, Alina"]
[Result "1-0"]
[WhiteElo "2230"]
[BlackElo "2130"]

1.d4 Nf6 2.c4 g6 3.Nc3 Bg7 4.e4 d6 5.Be2 O-O 6.Nf3 e5 7.d5 a5 8.Bg5 h6 9.Bh4 Na6
10.Nd2 Qe8 11.O-O Nh7 12.a3 Bd7 13.b4 f5 14.f3 g5 15.Bf2 axb4 16.axb4 Rf7
17.Qb3 Bf8 18.exf5 Bxf5 19.Nde4 Nf6 20.Rfc1 Bd7 21.c5 Nh5 22.c6 Bc8 23.b5 Nc5
24.Nxc5 Rxa1 25.Rxa1 dxc5 26.Ra8 b6 27.d6  1-0

[Event "Wch U16"]
[Site "Menorca"]
[Date "1996.??.??"]
[Round "10"]
[White "Halkias, Stelios"]
[Black "Mah, Karl"]
[Result "0-1"]
[WhiteElo "2330"]
[BlackElo "2245"]

1.d4 d6 2.Nf3 Nf6 3.c4 g6 4.Nc3 Bg7 5.e4 O-O 6.Be2 e5 7.Be3 Ng4 8.Bg5 f6
9.Bh4 g5 10.Bg3 Nh6 11.h3 exd4 12.Nxd4 Nc6 13.O-O f5 14.Nxf5 Nxf5 15.exf5 Nd4
16.Bg4 Bxf5 17.Nb5 Bxg4 18.hxg4 Nxb5 19.Qd5+ Rf7 20.cxb5 Bxb2 21.Rab1 Ba3
22.Rfe1 Bc5 23.Rb3 Qf8 24.Rf3 Re8 25.Qxg5+ Kh8 26.Rxe8 Qxe8 27.Rf5 Bd4 28.Qd2 Bg7
29.Qd5 Rxf5 30.gxf5 b6 31.Qb7 Be5 32.Qxc7 Bxg3 33.fxg3 Qe3+ 34.Kf1 Qd3+ 35.Ke1 Qxg3+
36.Kd1 Qd3+ 37.Kc1 Qf1+ 38.Kb2 Qxg2+ 39.Kb3 Qd5+ 40.Kb2 Qxb5+ 41.Ka1 Qf1+
42.Kb2 Qb5+ 43.Ka1 Qe5+ 44.Kb1 Qxf5+ 45.Kb2 Qf2+ 46.Kb3 Qe3+ 47.Kb2 Qd4+
48.Kb3 Qd3+ 49.Kb2 Qb5+ 50.Ka1 Qc5 51.Qb8+ Kg7 52.Qxa7+ Kg6 53.Kb1 h5 54.Qb8 Qb4+
55.Kc2 h4 56.Qg8+ Kf5 57.Qf7+ Ke5 58.Qe7+ Kd5 59.Qf7+ Ke4 60.Qe6+ Kf4 61.Qh6+ Kf3
62.Qf6+ Ke3 63.Qg5+ Qf4 64.Qb5 Qe4+ 65.Kc1 Qd4 66.Qe8+ Qe5 67.Qa4 Qc3+ 68.Kb1 Qd3+
69.Kc1 d5 70.Qa7 Qc3+ 71.Kb1 Kd2 72.a3 Qb3+ 73.Ka1 Kc2 74.Qh7+ Qd3  0-1

[Event "Wch U18"]
[Site "Menorca"]
[Date "1996.??.??"]
[Round "11"]
[White "Vescovi, Giovanni"]
[Black "Banikas, Hristos"]
[Result "1/2-1/2"]
[WhiteElo "2490"]
[BlackElo "2445"]

1.d4 Nf6 2.c4 g6 3.Nc3 Bg7 4.e4 d6 5.Nf3 O-O 6.Be2 e5 7.O-O exd4 8.Nxd4 Re8
9.f3 Nc6 10.Be3 Nh5 11.f4 Nf6 12.Nxc6 bxc6 13.Bf3 Bd7 14.Rc1 Rb8 15.b3 c5
16.Bf2 Qc8 17.h3 Bc6 18.Qd3 Qb7 19.Rce1 Nd7 20.Nd5 a5 21.e5 dxe5 22.f5 Nf6
23.Bxc5 Nxd5 24.Bxd5 Bxd5 25.cxd5 Rbd8 26.f6 Qxd5 27.Qc2 Bf8 28.Bxf8 Kxf8
29.Rd1 Qb5 30.Qc1 Kg8 31.Rxd8 Rxd8 32.Qxc7 Re8 33.Rd1 h6 34.Rd7 Rf8 35.Re7 Qe2
36.Qxa5 Qe3+ 37.Kf1 Rc8 38.Rc7 Rd8 39.Qe1 Qf4+ 40.Kg1 Qxf6 41.Qe3 Rd1+  1/2-1/2

[Event "Metz op"]
[Site "Metz"]
[Date "1996.??.??"]
[Round "?"]
[White "Ragozin, Evgeni"]
[Black "Sutovskij, Emil"]
[Result "0-1"]
[WhiteElo "2475"]
[BlackElo "2545"]

1.c4 g6 2.Nf3 Bg7 3.e4 d6 4.d4 Nf6 5.Nc3 O-O 6.Be2 Na6 7.O-O e5 8.Be3 Ng4
9.Bg5 Qe8 10.dxe5 dxe5 11.a3 f6 12.Bc1 f5 13.b4 c6 14.Re1 Nf6 15.Bf1 f4 16.b5 Nc5
17.a4 Bg4 18.Ba3 Ne6 19.Bxf8 Bxf8 20.Be2 Bxf3 21.Bxf3 Rd8 22.Qb1 g5 23.g3 Nd4
24.Bg2 Qh5 25.a5 Bc5 26.Ra2 fxg3 27.hxg3 Nf3+ 28.Kf1 Nxe1 29.Kxe1 Ng4 30.Bf3 Qh2
31.Kf1 Nxf2 32.Nd1 Qxg3 33.Nxf2 Qxf3  0-1

[Event "Metz op"]
[Site "Metz"]
[Date "1996.??.??"]
[Round "?"]
[White "Timoshchenko, Gennadi A"]
[Black "Ratiarison, D."]
[Result "1-0"]
[WhiteElo "2530"]
[BlackElo "2010"]

1.d4 Nf6 2.c4 g6 3.Nc3 Bg7 4.e4 d6 5.Nf3 O-O 6.Be2 e5 7.Be3 Nc6 8.d5 Ne7
9.Nd2 Ne8 10.c5 f5 11.f3 Bd7 12.Qb3 Nf6 13.c6 Be8 14.cxb7 Rb8 15.Bxa7 Bf7
16.Bc4 fxe4 17.fxe4 Nd7 18.a4 Nb6 19.Bxb8 Qxb8 20.a5 Nxc4 21.Nxc4 Qa7 22.Rf1 Bh6
23.a6 Be3 24.Nb5 Qc5 25.Nxe3 c6 26.a7  1-0

[Event "Crespi mem"]
[Site "Milan"]
[Date "1996.??.??"]
[Round "1"]
[White "Quendro, Llambi"]
[Black "Marcoli, Paolo"]
[Result "0-1"]
[WhiteElo "2325"]
[BlackElo "2150"]

1.d4 Nf6 2.c4 g6 3.Nc3 Bg7 4.e4 d6 5.Nf3 O-O 6.Be2 e5 7.Be3 Nc6 8.d5 Ne7
9.Nd2 Ne8 10.O-O f5 11.f3 f4 12.Bf2 g5 13.c5 Ng6 14.Nc4 Rf7 15.Rc1 Bf8 16.cxd6 Bxd6
17.Nb5 h5 18.a4 Rg7 19.a5 g4 20.Ncxd6 cxd6 21.fxg4 Qg5 22.Nxa7 Bd7 23.Qb3 hxg4
24.Qxb7 Rxa7 25.Bxa7 f3 26.Bb5 g3 27.hxg3 Bh3 28.Qb8 Qxg3 29.Qxe8+ Kh7 30.Rc2 Bxg2
31.Rff2 Nf4 32.Rxg2 fxg2  0-1

[Event "Minsk op"]
[Site "Minsk"]
[Date "1996.??.??"]
[Round "7"]
[White "Volkov, Sergey"]
[Black "Shishkin, Vadim"]
[Result "1-0"]
[WhiteElo "2460"]
[BlackElo "2425"]

1.d4 Nf6 2.c4 g6 3.Nc3 Bg7 4.e4 d6 5.Be2 O-O 6.Nf3 e5 7.Be3 c6 8.d5 cxd5
9.cxd5 Ng4 10.Bg5 f6 11.Bh4 g5 12.Bg3 f5 13.exf5 Bxf5 14.h4 h6 15.hxg5 hxg5
16.Nd2 Nf6 17.Nc4 Na6 18.Bd3 e4 19.Be2 Ne8 20.Nb5 Bg6 21.Bh5 Rf6 22.Bxg6 Rxg6
23.Qg4 Nc5 24.Qf5 Qf6 25.Nbxd6 Nxd6 26.Nxd6 Nd3+ 27.Kf1 Qxf5 28.Nxf5 Bf8
29.Bc7 Rf6 30.g4 Nf4 31.Rd1 Rc8 32.Be5 Rb6 33.d6 Rd8 34.Bf6 Rd7 35.Rh8+ Kf7
36.Bxg5 Nd3 37.Be7  1-0

[Event "Minsk op"]
[Site "Minsk"]
[Date "1996.??.??"]
[Round "7"]
[White "Notkin, Maksim"]
[Black "Zakharevich, Igor"]
[Result "1/2-1/2"]
[WhiteElo "2515"]
[BlackElo "2435"]

1.d4 Nf6 2.c4 g6 3.Nc3 Bg7 4.e4 d6 5.Nf3 O-O 6.Be2 e5 7.O-O Qe8 8.dxe5 dxe5
9.Be3 b6 10.h3 Bb7 11.Qc2 Nc6 12.Rad1 Nb4 13.Qb1 c5 14.Nd5 Rb8 15.Bg5 Qe6
16.Rfe1 Nc6  1/2-1/2

[Event "Minsk"]
[Site "Minsk"]
[Date "1996.??.??"]
[Round "11"]
[White "Nielsen, Peter Heine"]
[Black "Lyrberg, Patrik"]
[Result "1/2-1/2"]
[WhiteElo "2495"]
[BlackElo "2425"]

1.d4 Nf6 2.c4 g6 3.Nc3 Bg7 4.e4 d6 5.Nf3 O-O 6.Be2 e5 7.O-O exd4 8.Nxd4 Re8
9.f3 Nc6 10.Be3 Nh5 11.Nd5 Nxd4 12.Bxd4 c6 13.Nc3  1/2-1/2

[Event "Mislata op 5th"]
[Site "Mislata"]
[Date "1996.??.??"]
[Round "7"]
[White "Oms Pallise, Josep"]
[Black "Hernandez, Gilberto"]
[Result "1/2-1/2"]
[WhiteElo "2395"]
[BlackElo "2560"]

1.Nf3 Nf6 2.c4 g6 3.Nc3 Bg7 4.e4 d6 5.d4 O-O 6.Be2 e5 7.O-O exd4 8.Nxd4 Re8
9.f3 Nc6 10.Be3 Nh5 11.Qd2 Nf4 12.Bxf4 Nxd4 13.Bg5 f6 14.Bh4 Nxe2+ 15.Nxe2 Qe7
16.Rfe1 Qf7 17.Rac1 f5 18.exf5 Bxf5 19.Nd4 Bd7 20.Nb5 Rxe1+ 21.Bxe1 Bxb5
22.cxb5 a6 23.b6 cxb6 24.Qxd6 Re8 25.b3 Be5  1/2-1/2

[Event "Mondariz op"]
[Site "Mondariz"]
[Date "1996.??.??"]
[Round "?"]
[White "Cuesta Navarro, Santiago"]
[Black "Miguel, Victor"]
[Result "0-1"]
[WhiteElo "2240"]
[BlackElo "2290"]

1.d4 Nf6 2.Nf3 g6 3.c4 Bg7 4.Nc3 d6 5.e4 O-O 6.Be2 e5 7.dxe5 dxe5 8.Qxd8 Rxd8
9.Bg5 Re8 10.Nd5 Nxd5 11.cxd5 c6 12.Bc4 b5 13.Bb3 Bb7 14.Rc1 a5 15.dxc6 Bxc6
16.Be3 a4 17.Bd5 Bxd5 18.exd5 Na6 19.Ke2 Red8 20.Rhd1 e4 21.Ng5 Bxb2 22.Rc2 a3
23.Bb6 Nb4 24.Rxb2 axb2 25.Bxd8 Rxd8 26.Nxe4 Re8 27.Kf3 Nxd5 28.Nd2 Nc3 29.Rf1 b4
30.Nb1 Nxa2  0-1

[Event "Mondariz op"]
[Site "Mondariz"]
[Date "1996.??.??"]
[Round "?"]
[White "Pinho, Paulo"]
[Black "Miguel, Victor"]
[Result "0-1"]
[WhiteElo "2135"]
[BlackElo "2290"]

1.d4 Nf6 2.c4 g6 3.Nc3 Bg7 4.e4 d6 5.Nf3 O-O 6.Be2 e5 7.O-O Na6 8.Re1 c6
9.Bf1 exd4 10.Nxd4 Ng4 11.Nf3 Qe7 12.Bg5 f6 13.Bf4 Rd8 14.Qd2 Be6 15.Nd4 Bf7
16.Rad1 Ne5 17.b3 Nc5 18.Bg3 a5 19.h3 Kh8 20.Nc2 Bf8 21.f4 Ned7 22.Nd4 Nb6
23.Qf2 Bg7 24.Bh4 Nbd7 25.Nf3 Ne6 26.e5 dxe5 27.fxe5 g5 28.exf6 Qxf6 29.Ne4 Qg6
30.Nfxg5 Nxg5 31.Bxg5 Rf8 32.Rxd7 Rae8 33.Qh4 Be6 34.Rxg7 Kxg7 35.Nd6 Rxf1+
36.Rxf1 Rb8 37.Bf6+ Kg8 38.Kh1 Rf8 39.Qd4 Qg3  0-1

[Event "Mondariz op"]
[Site "Mondariz"]
[Date "1996.??.??"]
[Round "?"]
[White "Gonzalez Garcia, Jose"]
[Black "Sion Castro, Marcelino"]
[Result "1/2-1/2"]
[WhiteElo "2460"]
[BlackElo "2415"]

1.d4 Nf6 2.Nf3 g6 3.c4 Bg7 4.Nc3 O-O 5.e4 d6 6.Be2 e5 7.O-O exd4 8.Nxd4 Re8
9.f3 Nc6 10.Be3 Nh5 11.Qd2 Nf4 12.Nxc6 Nxe2+ 13.Nxe2 bxc6 14.Rfd1 f5 15.Ng3 Qf6
16.Bd4 Qxd4+ 17.Qxd4 Bxd4+ 18.Rxd4 c5 19.Rd2 Kf7 20.exf5 Bxf5 21.Nxf5 gxf5  1/2-1/2

[Event "Mondariz op"]
[Site "Mondariz"]
[Date "1996.??.??"]
[Round "?"]
[White "Mellado Trivino, Juan"]
[Black "Paunovic, Dragan"]
[Result "1/2-1/2"]
[WhiteElo "2455"]
[BlackElo "2495"]

1.d4 Nf6 2.c4 g6 3.Nc3 Bg7 4.e4 d6 5.Nf3 O-O 6.Be2 e5 7.dxe5 dxe5 8.Qxd8 Rxd8
9.Bg5 Nbd7 10.O-O-O Rf8 11.Nd5 c6 12.Ne7+ Kh8 13.Be3 Re8 14.Nxc8 Raxc8 15.g4 Rc7
16.Nd2 Bf8 17.g5 Nh5 18.Bxh5 gxh5 19.Nf1 h4 20.Rg1 Be7 21.Rg4 Rg8 22.Nd2 Bc5
23.Bxc5 Nxc5 24.Nf3 f6 25.Rxh4 fxg5 26.Rg4 Rcg7 27.Rd6 Rf7 28.Nxe5 Re7 29.Nf3 Nxe4
30.Rd4 Nxf2 31.Rxg5 Rxg5 32.Nxg5 h6 33.Nf3 Kg7 34.Kd2 Ne4+ 35.Kd3 Nc5+ 36.Kd2 a5
37.b3 Ne4+ 38.Kd3 Nc5+ 39.Kd2 Ne4+ 40.Kd3 Nc5+ 41.Kd2  1/2-1/2

[Event "Mondariz op"]
[Site "Mondariz"]
[Date "1996.??.??"]
[Round "?"]
[White "Carrasco Martinez, Juan M"]
[Black "Bernal Moro, Luis Javier"]
[Result "1/2-1/2"]
[WhiteElo "2250"]
[BlackElo "2455"]

1.d4 Nf6 2.c4 d6 3.Nc3 g6 4.Nf3 Bg7 5.e4 O-O 6.Be2 Nbd7 7.O-O e5 8.d5 Nc5
9.Qc2 a5 10.Bg5 h6 11.Be3 Nfd7 12.Nd2 f5 13.exf5 gxf5 14.f4 exf4 15.Bxf4 Ne5
16.Rae1 Bd7 17.Nf3 Qf6 18.Nxe5 dxe5 19.Be3 b6  1/2-1/2

[Event "Mondariz op"]
[Site "Mondariz"]
[Date "1996.??.??"]
[Round "?"]
[White "Nedobora, Mikhail"]
[Black "Romero, Antonio"]
[Result "1-0"]
[WhiteElo "2465"]
[BlackElo "2430"]

1.d4 Nf6 2.c4 g6 3.Nc3 Bg7 4.e4 d6 5.Nf3 O-O 6.Be2 e5 7.d5 a5 8.Bg5 h6 9.Bh4 Na6
10.O-O Bd7 11.Nd2 Qb8 12.Kh1 Nh7 13.a3 h5 14.f3 Bh6 15.b3 Nc5 16.Rb1 Kh8
17.Qc2 Bg5 18.Bxg5 Nxg5 19.b4 axb4 20.axb4 Na4 21.c5 f6 22.Nb5 dxc5 23.bxc5 c6
24.Nd6 b6 25.N6c4 b5 26.Nd6 Nf7 27.dxc6 Bxc6 28.Nxb5 Ra5 29.Nd4 Qa8 30.N4b3 Ra7
31.Nc4 Ng5 32.Nb6 Nxb6 33.cxb6 Ra2 34.Rb2 Rxb2 35.Qxb2 Rb8 36.Ra1 Qb7 37.Ra6 Ne6
38.Na5 Qd7 39.Qc1 Bb7 40.Qh6+ Qh7 41.Qxh7+ Kxh7 42.Ra7 Nc5 43.Nxb7 Rxb7 44.Ba6 Rg7
45.Bc8  1-0

[Event "Monaco tt"]
[Site "Monte Carlo"]
[Date "1996.??.??"]
[Round "4"]
[White "Gentilleau, Jean Philippe"]
[Black "Babault, Patrice"]
[Result "1/2-1/2"]
[WhiteElo "2215"]
[BlackElo "2305"]

1.d4 Nf6 2.c4 g6 3.Nc3 Bg7 4.e4 d6 5.Nf3 O-O 6.Be2 e5 7.dxe5 dxe5 8.Qxd8 Rxd8
9.Nd5 Nxd5 10.cxd5 c6 11.Bc4 b5 12.Bb3 Bb7 13.Bg5 Rd7 14.Rc1 a5 15.Ke2 a4
16.dxc6 Nxc6 17.Bd5 Na5 18.Bxb7 Rxb7 19.Rhd1 f6 20.Be3 Nc4 21.Rc2 Bf8 22.Rd5 Kf7
23.Nd2  1/2-1/2

[Event "Monaco tt"]
[Site "Monte Carlo"]
[Date "1996.??.??"]
[Round "6"]
[White "Simonet, Marc"]
[Black "D'Avriac, Bernard Angles"]
[Result "1-0"]
[WhiteElo "2240"]
[BlackElo "1640"]

1.d4 Nf6 2.c4 g6 3.Nc3 Bg7 4.e4 d6 5.Nf3 O-O 6.Be2 e5 7.Be3 Nc6 8.d5 Ne7
9.Nd2 Ne8 10.O-O f5 11.f3 f4 12.Bf2 g5 13.c5 Nf6 14.Nc4 h5 15.cxd6 cxd6 16.Nb5 Ne8
17.Nxa7 Bd7 18.Nb6 Rb8 19.Rc1 Rf6 20.Qb3 Rg6 21.Nxd7 g4 22.Bb6 Qxd7 23.Bb5 Qxb5
24.Qxb5 gxf3 25.Rxf3 Nf6 26.Rc7 Bf8 27.Qc4 Ne8 28.Rd7 Kh8 29.Rd8  1-0

[Event "Moravia-ch op"]
[Site "Moravia"]
[Date "1996.??.??"]
[Round "?"]
[White "Klima, Lukas"]
[Black "Nedela, Vlastimil"]
[Result "1/2-1/2"]
[WhiteElo "2215"]
[BlackElo "2445"]

1.e4 g6 2.d4 Bg7 3.c4 d6 4.Nc3 Nf6 5.Nf3 O-O 6.Be2 e5 7.dxe5 dxe5 8.Qxd8 Rxd8
9.Bg5 Re8 10.Nd5 Nxd5 11.cxd5 c6 12.Bc4 b5 13.Bb3 Bb7 14.Rc1 Rc8 15.Be3 Nd7
16.dxc6 Rxc6 17.O-O Nb6 18.Bxb6 Rxb6 19.Rc7 Bxe4 20.Rxf7 Kh8 21.Ng5 Bf5 22.Rc1 h6
23.Rcc7 Rg8 24.Nf3 Be6 25.Bxe6 Rxe6 26.Kf1 a6 27.Rfd7 g5 28.Nd2 e4 29.Nb3 e3
30.Nd4 Rf6 31.f3 g4 32.Ke2 gxf3+ 33.Nxf3 Rg6 34.g3 Re8 35.Rf7 Bxb2 36.Nh4 Rd6
37.Nf5 Rd2+ 38.Ke1 Rxh2 39.Rh7+ Kg8 40.Nxh6+ Rxh6 41.Rxh6 Be5 42.Rg6+ Kf8
43.Ra7 e2 44.Kxe2 Bd4+ 45.Kd3 Bxa7 46.Rxa6 Re3+ 47.Kd2 Re7 48.Ra5 b4 49.Rb5 Rd7+
50.Ke2 Rd4 51.a3 Re4+ 52.Kd2 bxa3 53.Ra5 Bb8 54.Rxa3 Kg7 55.Rb3 Bd6 56.Rd3 Bb4+
57.Kc2 Kg6 58.Rf3 Be1 59.Kd3 Rg4 60.Rf8 Rxg3+ 61.Ke4 Bc3 62.Rf3 Rg4+ 63.Rf4 Rg1
64.Rf3 Bf6 65.Rb3 Rg5 66.Rb6 Ra5 67.Rb1 Re5+ 68.Kf4 Rd5 69.Rg1+ Kf7 70.Rb1 Be7
71.Rh1 Ke6 72.Re1+ Kf6 73.Rh1 Rf5+ 74.Ke4 Ke6 75.Rh3 Ra5 76.Rh1 Ra4+ 77.Ke3 Bd6
78.Rf1 Bf4+ 79.Kf3 Kf5  1/2-1/2